| 000 | 00641cam a22002054a 4500 | ||
|---|---|---|---|
| 001 | sa 65000117 | ||
| 003 | DLC | ||
| 005 | 20260227112101.0 | ||
| 008 | 840418s1959 ii a 000 0 urdo | ||
| 010 | _asa 65000117 | ||
| 040 |
_aDLC _cDLC |
||
| 050 | 0 | 0 |
_aPK2200.S43191655 _bS52 1959 |
| 100 | 0 |
_aShakīl Badāyūnī, _d1916-1970. |
|
| 245 | 1 | 0 |
_aŚakīla Badāyūnī aura unakī śāyarī / _csampādaka, Prakāśa Paṇḍita. |
| 250 | _a1. saṃskaraṇa. | ||
| 260 |
_aDillī : _bRājapāla eṇḍa Sanza, _c1959. |
||
| 300 |
_a96 p. : _bill. ; _c19 cm. |
||
| 546 |
_aIn Urdu _b(in Devanagari). |
||
| 700 | 1 |
_aPanḍit, Prakāsh, _d1924- |
|
| 999 |
_c61384 _d61384 |
||